000 00513nam a2200169Ia 4500
008 180921t1972 xxu||||| |||| 00| 0 eng d
041 _aeng
080 _a57(26
_bSOU
100 _aSoule, Dorothy F.
245 _aCirculation pattersn in los angeles-long beach harbor drogue study atlas and data report
260 _ballan hancock foundation
_aCalifornia
_c1972
300 _a113p.,dirgram., ill., 30 cm
650 _aOceanography
942 _cBK
999 _c17648
_d17648
003 LK-CoDNM
040 _aLK-CoDNM
_dLK-CoDNM
_eLK-CoDNM